Fecundacin̤ humana asistida. Aspectos jurd̕icos emergentes

Bibliographic Details
Main Author: Cr̤doba, Jorge Eduardo
Other Authors: Sǹchez Torres, Julio C.
Format: eBook
Language:Spanish
Published: Cr̤doba: Alveroni Ediciones, 2000
Subjects:
Online Access:Acceso restringido

MARC

LEADER 00000nam a22000007a 4500
005 20140415121820.0
007 cr|||| ||||
008 140415s2000 ar |||||s|||| 00||0 spa d
035 |a 11869 
040 |a vLex 
090 |c 4781  |d 4781 
100 1 |a Cr̤doba, Jorge Eduardo 
245 1 0 |a Fecundacin̤ humana asistida. Aspectos jurd̕icos emergentes  |h [Recurso electrn̤ico] /  |c Jorge Eduardo Cr̤doba, Julio C. Sǹchez Torres 
256 |a Servicio en ln̕ea 
260 |a Cr̤doba:  |b Alveroni Ediciones,  |c 2000 
300 |a 1 recurso electrn̤ico 
506 1 |a Disponible solo en los productos indicados  |d vLex Global  |d vLex Global (Academic Edition, excluding Law Schools)  |d vLex Global (U.S. Academic Edition, Law Schools)  |d vLex Global (U.S. Academic Edition, excluding Law Schools)  |d vLex Global (Academic Edition, Law Schools) 
650 0 4 |a Derecho Civil  |z Argentina 
650 0 4 |a Medicina  |z Argentina 
700 1 |a Sǹchez Torres, Julio C. 
740 0 |a vLex Libros (Servicio en ln̕ea) 
856 4 0 |u http://vlex.com/source/fecundacion-humana-asistida-aspectos-juridicos-emergentes-11869  |z Acceso restringido 
942 |c BOOK 
999 0 |a Civil Law 
999 0 |a Medicine